[Event "Louise Henriette Gym Oranienburg-Herder-"]
[Site "Verden/Aller"]
[Date "2011.05.14"]
[Round "1.3"]
[White "Lagunow, Raphael"]
[Black "Focking, Konstantin"]
[Result "1-0"]
[WhiteElo "1739"]
[BlackElo "1275"]
[PlyCount "65"]
[EventDate "2011.??.??"]
[WhiteTeam "Herder-Gymnasium"]
[BlackTeam "Louise Henriette Gym Oranienburg"]

1. e4 c6 2. d4 g6 3. Nf3 d5 4. Nbd2 Bg7 5. c3 dxe4 6. Nxe4 Nf6 7. Bd3 Bg4 8. h3
Bxf3 9. Qxf3 Nxe4 10. Qxe4 Nd7 11. Bf4 O-O 12. O-O e6 13. Bd6 Nf6 14. Qf4 Nd5
15. Qg3 Re8 16. Rad1 b6 17. Be4 Rc8 18. Rfe1 Qd7 19. Be5 Qe7 20. c4 Nf6 21. Bf3
Red8 22. d5 Qc5 23. dxc6 Rxd1 24. Rxd1 Nh5 25. Bd6 Nxg3 26. Bxc5 bxc5 27. fxg3
Bxb2 28. Rd7 a5 29. c7 Bf6 30. Bb7 Bd4+ 31. Kf1 Rxc7 32. Rxc7 Be5 33. Rxc5 1-0

[Event "Louise Henriette Gym Oranienburg-Herder-"]
[Site "Verden/Aller"]
[Date "2011.05.14"]
[Round "1.4"]
[White "Fuhrig, Nico-Pascal"]
[Black "Brämick, Tilman"]
[Result "0-1"]
[WhiteElo "1361"]
[BlackElo "1333"]
[PlyCount "63"]
[EventDate "2011.??.??"]
[WhiteTeam "Louise Henriette Gym Oranienburg"]
[BlackTeam "Herder-Gymnasium"]

1. d4 d5 2. c4 e6 3. Nc3 Nf6 4. cxd5 Nxd5 5. e4 Nb6 6. Nf3 Be7 7. Be2 O-O 8.
O-O Bf6 9. e5 Be7 10. Qc2 Bd7 11. Rd1 Bc6 12. Bf4 Nd5 13. Nxd5 Bxd5 14. a3 Nd7
15. b4 b6 16. Rab1 c5 17. bxc5 bxc5 18. dxc5 Nxc5 19. Bc4 Be4 20. Rxd8 Bxc2 21.
Rxf8+ Kxf8 22. Rc1 Be4 23. Rc3 Rd8 24. h3 f6 25. exf6 gxf6 26. Be3 Rd1+ 27. Bf1
Bd3 28. Nd2 Bxf1 29. Nxf1 Ne4 30. Rc1 Rxc1 31. Bxc1 Bc5 32. Be3 0-1

[Event "Sebastian-Münster-Gym Ingelheim-St. Joha"]
[Site "Verden/Aller"]
[Date "2011.05.14"]
[Round "1.1"]
[White "Klosa, Kevin"]
[Black "Beck, Michael"]
[Result "0-1"]
[WhiteElo "1575"]
[BlackElo "1911"]
[PlyCount "66"]
[EventDate "2011.??.??"]
[WhiteTeam "St. Johannis Schule"]
[BlackTeam "Sebastian-Münster-Gym Ingelheim"]

1. e4 e6 2. d4 d5 3. exd5 exd5 4. Bf4 Bd6 5. Bxd6 Qxd6 6. Bd3 Nc6 7. c3 Nge7 8.
Qc2 Bg4 9. Nd2 O-O-O 10. Ne2 Rde8 11. O-O-O Qf6 12. f3 Bf5 13. Ng3 Bxd3 14.
Qxd3 h5 15. h4 Nd8 16. Rde1 Ne6 17. Ne2 Nf5 18. g3 Qg6 19. Rhg1 Nfxd4 20. Qxg6
Nxe2+ 21. Rxe2 fxg6 22. Re5 c6 23. Rge1 Kd7 24. f4 Nc5 25. Kc2 Rxe5 26. Rxe5
Re8 27. Rxe8 Kxe8 28. Kd1 Ke7 29. Ke2 Na4 30. Kf3 Nxb2 31. g4 Na4 32. Nb1 hxg4+
33. Kxg4 Kf6 0-1

[Event "Sebastian-Münster-Gym Ingelheim-St. Joha"]
[Site "Verden/Aller"]
[Date "2011.05.14"]
[Round "1.2"]
[White "Faldum, Manfred"]
[Black "von Spee, Franziskus"]
[Result "1/2-1/2"]
[WhiteElo "1899"]
[BlackElo "1533"]
[PlyCount "47"]
[EventDate "2011.??.??"]
[WhiteTeam "Sebastian-Münster-Gym Ingelheim"]
[BlackTeam "St. Johannis Schule"]

1. e4 e5 2. Nf3 Nc6 3. Bc4 Bc5 4. d3 h6 5. c3 Nf6 6. Bb3 O-O 7. h3 d6 8. Nbd2
Be6 9. Nf1 Nh5 10. g3 Qd7 11. Nh4 Nf6 12. Be3 Bb6 13. Bxb6 axb6 14. g4 Ne7 15.
Ne3 Ng6 16. Nxg6 fxg6 17. Rf1 Qf7 18. Bxe6 Qxe6 19. b3 Nh7 20. Nd5 Qd7 21. f4
exf4 22. Rxf4 Ng5 23. h4 Rxf4 24. Nxf4 1/2-1/2

[Event "Sebastian-Münster-Gym Ingelheim-St. Joha"]
[Site "Verden/Aller"]
[Date "2011.05.14"]
[Round "1.3"]
[White "Haniszewski, Patrick"]
[Black "Tepen, Philipp"]
[Result "0-1"]
[WhiteElo "1396"]
[BlackElo "1595"]
[PlyCount "101"]
[EventDate "2011.??.??"]
[WhiteTeam "St. Johannis Schule"]
[BlackTeam "Sebastian-Münster-Gym Ingelheim"]

1. b3 d5 2. Bb2 c5 3. e3 Nc6 4. Nf3 Bg4 5. Be2 e6 6. O-O Nf6 7. d4 Be7 8. Nbd2
O-O 9. c4 cxd4 10. Nxd4 Bxe2 11. Qxe2 Bb4 12. N2f3 Ne4 13. Nxc6 bxc6 14. cxd5
cxd5 15. Rac1 Qa5 16. Bd4 Rac8 17. a4 Bd2 18. Rxc8 Rxc8 19. Qb5 Qxb5 20. axb5
Rb8 21. Bxa7 Rxb5 22. Nd4 Rb7 23. Ra1 Bc3 24. Ra3 h6 25. f3 Bxd4 26. Bxd4 Nd2
27. Ra2 Nxb3 28. Rb2 Na5 29. Rxb7 Nxb7 30. Kf2 f6 31. h4 Kf7 32. g4 g6 33. Kg2
e5 34. Bb2 Ke6 35. Ba3 Nd6 36. Kf2 f5 37. g5 hxg5 38. hxg5 f4 39. exf4 exf4 40.
Bb2 Kf5 41. Ke2 Nf7 42. Kd3 Nxg5 43. Ke2 Nf7 44. Kf2 Ne5 45. Ke2 g5 46. Bd4 g4
47. fxg4+ Nxg4 48. Bb6 d4 49. Ba7 f3+ 50. Kf1 d3 51. Ke1 0-1

[Event "Sebastian-Münster-Gym Ingelheim-St. Joha"]
[Site "Verden/Aller"]
[Date "2011.05.14"]
[Round "1.4"]
[White "Grieb, Daniel"]
[Black "Kropp, Jan Ricardo"]
[Result "1-0"]
[WhiteElo "1411"]
[BlackElo "1148"]
[PlyCount "49"]
[EventDate "2011.??.??"]
[WhiteTeam "Sebastian-Münster-Gym Ingelheim"]
[BlackTeam "St. Johannis Schule"]

1. e4 e5 2. Nf3 Nc6 3. Bb5 Nf6 4. d3 d6 5. h3 h6 6. Nc3 a6 7. Ba4 b5 8. Bb3 Nd4
9. Nxd4 exd4 10. Ne2 c5 11. Ng3 Qc7 12. O-O Qc6 13. a3 c4 14. dxc4 bxc4 15. Ba2
Qc5 16. Re1 Be7 17. Qe2 Be6 18. Bf4 Nd7 19. Nf5 Bxf5 20. exf5 d5 21. b4 cxb3
22. Bxb3 Nf6 23. Ba4+ Kd8 24. Bd2 g6 25. Bb4 1-0

[Event "Justus-Liebig-Schule Darmstadt-Sebastian"]
[Site "Verden/Aller"]
[Date "2011.05.14"]
[Round "2.1"]
[White "Beck, Michael"]
[Black "Göbel, Constantin"]
[Result "0-1"]
[WhiteElo "1911"]
[BlackElo "2185"]
[PlyCount "59"]
[EventDate "2011.??.??"]
[WhiteTeam "Sebastian-Münster-Gym Ingelheim"]
[BlackTeam "Justus-Liebig-Schule Darmstadt"]

1. e4 c5 2. d3 Nc6 3. g3 g6 4. Bg2 Bg7 5. Nf3 d6 6. O-O e5 7. Nc3 Nge7 8. Nd2
O-O 9. Nc4 a6 10. a4 Be6 11. Nd5 f5 12. Bg5 h6 13. Bxe7 Nxe7 14. Nxe7+ Qxe7 15.
Nb6 Rae8 16. exf5 gxf5 17. Bd5 Kh8 18. c3 Qg5 19. Bxe6 Rxe6 20. Qf3 e4 21. dxe4
fxe4 22. Qe3 Qh5 23. Qd2 Rf5 24. Rad1 Qh3 25. Nd5 Be5 26. Ne3 Rf8 27. Qe2 h5
28. f4 exf3 29. Rxf3 Rff6 30. Qg2 0-1

[Event "Justus-Liebig-Schule Darmstadt-Sebastian"]
[Site "Verden/Aller"]
[Date "2011.05.14"]
[Round "2.2"]
[White "Tran, My Linh"]
[Black "Faldum, Manfred"]
[Result "1-0"]
[WhiteElo "1874"]
[BlackElo "1899"]
[PlyCount "55"]
[EventDate "2011.??.??"]
[WhiteTeam "Justus-Liebig-Schule Darmstadt"]
[BlackTeam "Sebastian-Münster-Gym Ingelheim"]

1. e4 c5 2. Nf3 g6 3. d4 cxd4 4. Nxd4 Bg7 5. Nc3 Nc6 6. Be3 Nf6 7. Nxc6 bxc6 8.
e5 Ng8 9. Bd4 c5 10. Bxc5 Bxe5 11. Qd5 Bxc3+ 12. bxc3 Qa5 13. Kd2 Nf6 14. Qxa8
Qxc5 15. Qf3 d5 16. Bd3 d4 17. cxd4 Qb4+ 18. c3 Qb2+ 19. Bc2 Bf5 20. Qc6+ Kf8
21. Rac1 Kg7 22. Qc4 Ne4+ 23. Ke2 Nxc3+ 24. Kd2 Ne4+ 25. Ke2 Nc3+ 26. Kd2 Rc8
27. Qb3 Ne4+ 28. Ke2 1-0

[Event "Justus-Liebig-Schule Darmstadt-Sebastian"]
[Site "Verden/Aller"]
[Date "2011.05.14"]
[Round "2.3"]
[White "Tepen, Philipp"]
[Black "Schmalhorst, Sophia"]
[Result "1-0"]
[WhiteElo "1595"]
[BlackElo "1860"]
[PlyCount "83"]
[EventDate "2011.??.??"]
[WhiteTeam "Sebastian-Münster-Gym Ingelheim"]
[BlackTeam "Justus-Liebig-Schule Darmstadt"]

1. d4 d5 2. c4 e6 3. Nc3 Nf6 4. Bg5 Nbd7 5. e3 c6 6. a3 Qa5 7. Nf3 Ne4 8. Qc1
dxc4 9. Bh4 Nb6 10. Ne5 Nxc3 11. Qxc3 Qxc3+ 12. bxc3 Nd5 13. Kd2 b5 14. Nxc6
Bd7 15. Ne5 Be7 16. Bg3 f6 17. Nxd7 Kxd7 18. Be2 Bd6 19. Rhb1 Bxg3 20. hxg3 a6
21. Rb2 Nb6 22. Rb4 Nd5 23. Rb2 Rhc8 24. Bf3 Rab8 25. Rh1 h6 26. e4 Nb6 27. d5
Rd8 28. Bg4 f5 29. exf5 exf5 30. Bxf5+ Ke7 31. Kc1 Rxd5 32. Re2+ Kf6 33. Bc2
Re5 34. Rd2 Rbe8 35. Rh4 Nd5 36. Rg4 Nxc3 37. Rg6+ Ke7 38. Rxg7+ Kf8 39. Rh7
R5e6 40. Rdd7 R6e7 41. Rdxe7 Rxe7 42. Rxh6 1-0

[Event "Justus-Liebig-Schule Darmstadt-Sebastian"]
[Site "Verden/Aller"]
[Date "2011.05.14"]
[Round "2.4"]
[White "Anders, Eric"]
[Black "Grieb, Daniel"]
[Result "1-0"]
[WhiteElo "1709"]
[BlackElo "1411"]
[PlyCount "70"]
[EventDate "2011.??.??"]
[WhiteTeam "Justus-Liebig-Schule Darmstadt"]
[BlackTeam "Sebastian-Münster-Gym Ingelheim"]

1. e4 c6 2. d4 d5 3. Nc3 dxe4 4. Nxe4 Bf5 5. Ng3 Bg6 6. Nf3 Nf6 7. c4 e6 8. Be2
c5 9. O-O Qc7 10. Re1 Be7 11. Ne5 O-O 12. Bf4 Qb6 13. Nxg6 hxg6 14. Be3 Nc6 15.
dxc5 Bxc5 16. Bxc5 Qxc5 17. Qb3 Rab8 18. Rad1 Nd4 19. Qc3 Nxe2+ 20. Rxe2 Rfd8
21. Red2 Rxd2 22. Rxd2 Rc8 23. b3 b5 24. Rc2 bxc4 25. Qxc4 Qxc4 26. Rxc4 Rxc4
27. bxc4 Kf8 28. Kf1 Ke7 29. Ke2 Kd6 30. Kd3 Kc5 31. Kc3 Ng4 32. Ne4+ Kc6 33.
h3 Ne5 34. f4 f5 35. Ng5 Nf7 1-0

[Event "Humboldtschule Hannover-Athenaeum Stade"]
[Site "Verden/Aller"]
[Date "2011.05.14"]
[Round "2.1"]
[White "Konow, Philipp"]
[Black "Petkidis, Anthony"]
[Result "0-1"]
[WhiteElo "1942"]
[BlackElo "2155"]
[PlyCount "86"]
[EventDate "2011.??.??"]
[WhiteTeam "Athenaeum Stade"]
[BlackTeam "Humboldtschule Hannover"]

1. d4 Nf6 2. Nf3 e6 3. e3 c5 4. Bd3 b6 5. Qe2 Bb7 6. Nbd2 Be7 7. O-O d6 8. c4
Nbd7 9. b3 O-O 10. Bb2 Rc8 11. a3 Re8 12. Ng5 h6 13. f4 Qc7 14. Ngf3 d5 15.
Rac1 Qb8 16. Ne5 Qa8 17. f5 exf5 18. Bxf5 Rc7 19. Bxd7 Nxd7 20. Nxf7 dxc4 21.
Qh5 Bf6 22. Nxh6+ gxh6 23. Qg6+ Kf8 24. dxc5 Re6 25. Bxf6 Nxf6 26. Rxf6+ Rxf6
27. Qxf6+ Kg8 28. Rxc4 Rg7 29. e4 bxc5 30. Qe6+ Kh7 31. Rxc5 Qd8 32. Qf5+ Kh8
33. Qf2 Qd6 34. Rf5 Kg8 35. Rf6 Qe7 36. Rxh6 Qxa3 37. h3 Qa1+ 38. Kh2 Qe5+ 39.
g3 Bc8 40. Qe3 Be6 41. Rh4 a5 42. Qh6 Qxg3+ 43. Kh1 Qg1# 0-1

[Event "Humboldtschule Hannover-Athenaeum Stade"]
[Site "Verden/Aller"]
[Date "2011.05.14"]
[Round "2.2"]
[White "Jung, Mark-Alexander"]
[Black "Carmesin, Matthias"]
[Result "0-1"]
[WhiteElo "1764"]
[BlackElo "1988"]
[PlyCount "74"]
[EventDate "2011.??.??"]
[WhiteTeam "Humboldtschule Hannover"]
[BlackTeam "Athenaeum Stade"]

1. d4 Nf6 2. c4 d6 3. Nc3 e5 4. dxe5 dxe5 5. Qxd8+ Kxd8 6. Bg5 c6 7. Nf3 Nbd7
8. O-O-O Kc7 9. Nd2 h6 10. Bxf6 Nxf6 11. g3 Be6 12. e3 Bb4 13. Nce4 Nxe4 14.
Nxe4 Bg4 15. Bg2 Bxd1 16. Rxd1 f5 17. Nd2 Rad8 18. a3 Bxd2+ 19. Rxd2 Rxd2 20.
Kxd2 Rd8+ 21. Kc2 Kd6 22. b4 e4 23. Bf1 c5 24. Kc3 b6 25. b5 Ke5 26. Be2 g5 27.
f4+ gxf4 28. gxf4+ Kf6 29. h4 Rg8 30. h5 Rg1 31. Kd2 Ra1 32. Kc3 Rxa3+ 33. Kd2
Ra2+ 34. Ke1 a6 35. bxa6 Rxa6 36. Kd2 Ra2+ 37. Ke1 Ke6 0-1

[Event "Humboldtschule Hannover-Athenaeum Stade"]
[Site "Verden/Aller"]
[Date "2011.05.14"]
[Round "2.3"]
[White "Lienau, Henrik"]
[Black "Traulsen, Timo"]
[Result "1-0"]
[WhiteElo "1684"]
[BlackElo "1587"]
[PlyCount "63"]
[EventDate "2011.??.??"]
[WhiteTeam "Athenaeum Stade"]
[BlackTeam "Humboldtschule Hannover"]

1. e4 c5 2. Nf3 Nc6 3. d4 cxd4 4. Nxd4 Qb6 5. Nb3 Nf6 6. Nc3 e6 7. Bd3 Bb4 8.
Bd2 O-O 9. O-O a6 10. Qe2 Ne5 11. Kh1 Nxd3 12. cxd3 d5 13. Na4 Qb5 14. Nc3 Bxc3
15. Bxc3 Nxe4 16. Bxg7 Kxg7 17. Qg4+ Kh8 18. dxe4 Rg8 19. Qf3 dxe4 20. Qxe4 Bd7
21. Qd4+ Rg7 22. Rfd1 Bc6 23. f3 Rag8 24. Rd2 e5 25. Qc3 f6 26. Rad1 Qb6 27.
Nc5 Qa7 28. a3 b6 29. Ne6 Rc7 30. Nxc7 Qxc7 31. Rf2 Rd8 32. Rc1 1-0

[Event "Humboldtschule Hannover-Athenaeum Stade"]
[Site "Verden/Aller"]
[Date "2011.05.14"]
[Round "2.4"]
[White "Lebek, Ricarda"]
[Black "Vöge, Tobias"]
[Result "0-1"]
[WhiteElo "1732"]
[BlackElo "1694"]
[PlyCount "86"]
[EventDate "2011.??.??"]
[WhiteTeam "Humboldtschule Hannover"]
[BlackTeam "Athenaeum Stade"]

1. e4 c5 2. Nf3 Nc6 3. d4 cxd4 4. Nxd4 e5 5. Nb3 Nf6 6. f3 d5 7. exd5 Nxd5 8.
Bc4 Qh4+ 9. g3 Qxc4 10. N1d2 Qb4 11. c3 Qd6 12. Nc4 Qd8 13. Qe2 Bd6 14. Bd2 Nb6
15. Nxd6+ Qxd6 16. O-O-O O-O 17. Be3 Qf6 18. g4 Be6 19. Nd2 Rfd8 20. h4 Qe7 21.
Kb1 Nd5 22. h5 Nxe3 23. Qxe3 Rd7 24. Ne4 Rad8 25. Rd2 Rxd2 26. Nxd2 Qd7 27. Kc2
Qxd2+ 28. Qxd2 Rxd2+ 29. Kxd2 Bxa2 30. Ke3 Kf8 31. b4 Bc4 32. h6 g6 33. f4 f6
34. Rh2 a6 35. Rf2 Ke7 36. Ke4 b6 37. Rd2 Be6 38. Kf3 exf4 39. Kxf4 g5+ 40. Kg3
Ne5 41. Rd4 Nxg4 42. c4 Nxh6 43. c5 Nf5+ 0-1

[Event "Herder-Gymnasium-Ohm-Gymnasium Erlangen"]
[Site "Verden/Aller"]
[Date "2011.05.14"]
[Round "2.1"]
[White "Miller, Eduard"]
[Black "Rolfes, Leon"]
[Result "1-0"]
[WhiteElo "2156"]
[BlackElo "1924"]
[PlyCount "51"]
[EventDate "2011.??.??"]
[WhiteTeam "Ohm-Gymnasium Erlangen"]
[BlackTeam "Herder-Gymnasium"]

1. d4 d5 2. c4 c6 3. Nf3 Nf6 4. e3 e6 5. Nc3 Be7 6. Qc2 O-O 7. Bd3 Nbd7 8. O-O
a6 9. Ne5 dxc4 10. Nxc4 b5 11. Ne5 Bb7 12. Bd2 c5 13. Rad1 Rc8 14. Qb1 c4 15.
Bc2 b4 16. Ne4 Nxe4 17. Bxe4 Bxe4 18. Qxe4 c3 19. bxc3 bxc3 20. Bc1 Nf6 21. Qd3
Rc7 22. Qxa6 Qa8 23. Qxa8 Rxa8 24. a3 Bxa3 25. Bxa3 Rxa3 26. Ra1 1-0

[Event "Herder-Gymnasium-Ohm-Gymnasium Erlangen"]
[Site "Verden/Aller"]
[Date "2011.05.14"]
[Round "2.2"]
[White "Kostré, Margarita"]
[Black "Klek, Hanna-Marie"]
[Result "0-1"]
[WhiteElo "1771"]
[BlackElo "2136"]
[PlyCount "46"]
[EventDate "2011.??.??"]
[WhiteTeam "Herder-Gymnasium"]
[BlackTeam "Ohm-Gymnasium Erlangen"]

1. e4 g6 2. d4 Bg7 3. Nc3 d6 4. Be3 a6 5. f3 Nd7 6. Qd2 b5 7. a3 Bb7 8. Bd3 c5
9. Be2 Qc7 10. Nh3 Ngf6 11. O-O O-O 12. Rad1 Rfc8 13. Rc1 cxd4 14. Bxd4 Nb6 15.
Nf2 Nc4 16. Bxc4 Qxc4 17. b3 Nxe4 18. Ncxe4 Qxd4 19. Qe2 Rc7 20. Rfd1 Qb6 21.
Kh1 Rac8 22. f4 Bb2 23. Rb1 Rxc2 0-1

[Event "Herder-Gymnasium-Ohm-Gymnasium Erlangen"]
[Site "Verden/Aller"]
[Date "2011.05.14"]
[Round "2.3"]
[White "Tong, Lukas Fabian Chuan"]
[Black "Lagunow, Raphael"]
[Result "1/2-1/2"]
[WhiteElo "1957"]
[BlackElo "1739"]
[PlyCount "85"]
[EventDate "2011.??.??"]
[WhiteTeam "Ohm-Gymnasium Erlangen"]
[BlackTeam "Herder-Gymnasium"]

1. d4 Nf6 2. c4 c5 3. d5 b5 4. cxb5 a6 5. e3 d6 6. Nc3 g6 7. Nf3 Bg7 8. Bc4 O-O
9. O-O Nbd7 10. Qe2 Nb6 11. Rd1 Nxc4 12. Qxc4 axb5 13. Nxb5 Ba6 14. a4 Qb6 15.
Ra3 Rfb8 16. Rb3 Bxb5 17. Rxb5 Qc7 18. Rd3 Nd7 19. b3 Rxb5 20. Qxb5 Ra5 21. Qc6
Qxc6 22. dxc6 Nb6 23. Bd2 Ra6 24. b4 cxb4 25. Bxb4 Rxa4 26. Rb3 Nd5 27. Be1 Rc4
28. Rb8+ Bf8 29. Rc8 e6 30. Nd4 Ne7 31. Rc7 e5 32. Nb5 Rxc6 33. Rd7 Nd5 34. g3
Kg7 35. Kg2 Nf6 36. Rb7 d5 37. Bc3 Re6 38. Bb2 Bc5 39. Rb8 Nd7 40. Rb7 Re7 41.
f4 f6 42. fxe5 fxe5 43. Nc3 1/2-1/2

[Event "Herder-Gymnasium-Ohm-Gymnasium Erlangen"]
[Site "Verden/Aller"]
[Date "2011.05.14"]
[Round "2.4"]
[White "Song, Kevin"]
[Black "Zhao, Kevin"]
[Result "0-1"]
[WhiteElo "1513"]
[BlackElo "1799"]
[PlyCount "64"]
[EventDate "2011.??.??"]
[WhiteTeam "Herder-Gymnasium"]
[BlackTeam "Ohm-Gymnasium Erlangen"]

1. e4 e6 2. d4 d5 3. Nc3 Nf6 4. Bg5 Bb4 5. e5 h6 6. Bh4 g5 7. Bg3 Ne4 8. Nge2
c5 9. a3 Ba5 10. f3 Nxc3 11. bxc3 Nc6 12. Kf2 cxd4 13. cxd4 f5 14. f4 Bd7 15.
Nc1 Nxd4 16. Bd3 g4 17. h3 Bb6 18. Kf1 Qc7 19. hxg4 O-O-O 20. gxf5 Rdg8 21. Be1
Ba4 22. Ne2 Bxc2 23. Rc1 Bxd1 24. Rxc7+ Kxc7 25. Nxd4 Bxd4 26. fxe6 Re8 27. Bh4
Rxe6 28. Bf6 Rf8 29. Rxh6 Rc6 30. Ke1 Bg4 31. Rh7+ Kb6 32. f5 Be3 0-1

[Event "Illtal Gymnasium Illingen-St. Benno-Gymn"]
[Site "Verden/Aller"]
[Date "2011.05.14"]
[Round "2.1"]
[White "Zimm, Justus"]
[Black "Kuhn, Patrick"]
[Result "0-1"]
[WhiteElo "1898"]
[BlackElo "1893"]
[PlyCount "66"]
[EventDate "2011.??.??"]
[WhiteTeam "St. Benno-Gymnasium Dresden"]
[BlackTeam "Illtal Gymnasium Illingen"]

1. e4 c5 2. Nf3 d6 3. d4 cxd4 4. Nxd4 Nf6 5. Nc3 g6 6. Be3 Bg7 7. f3 Nc6 8. Qd2
O-O 9. Bc4 Bd7 10. O-O-O Rc8 11. Bb3 Ne5 12. Kb1 Re8 13. h4 h5 14. g4 hxg4 15.
h5 Nxh5 16. Bh6 e6 17. Rdg1 Qf6 18. fxg4 Nc4 19. Bxc4 Rxc4 20. gxh5 Qxd4 21.
hxg6 Re7 22. Qxd4 Bxd4 23. gxf7+ Kxf7 24. Rg3 Bc6 25. Bg5 Rd7 26. Rf3+ Ke8 27.
Rh6 Rg7 28. Bc1 Bxc3 29. bxc3 Rxe4 30. Rh8+ Kd7 31. Rhf8 Reg4 32. Rf2 Rg2 33.
R8f7+ Rxf7 0-1

[Event "Illtal Gymnasium Illingen-St. Benno-Gymn"]
[Site "Verden/Aller"]
[Date "2011.05.14"]
[Round "2.2"]
[White "Biesel, Mario"]
[Black "Linnemann, Niklas"]
[Result "1-0"]
[WhiteElo "1721"]
[BlackElo "1860"]
[PlyCount "57"]
[EventDate "2011.??.??"]
[WhiteTeam "Illtal Gymnasium Illingen"]
[BlackTeam "St. Benno-Gymnasium Dresden"]

1. c4 Nf6 2. Nf3 g6 3. g3 Bg7 4. Bg2 d5 5. cxd5 Nxd5 6. Nc3 Nxc3 7. bxc3 O-O 8.
O-O c5 9. Rb1 Nc6 10. Qa4 Qc7 11. d4 Bd7 12. Qc4 Na5 13. Qxc5 Qxc5 14. dxc5
Bxc3 15. Bd2 Bxd2 16. Nxd2 Rab8 17. Nb3 Nc6 18. Rfd1 Bf5 19. Rbc1 Nb4 20. Nd4
Bd7 21. a3 Na2 22. Rc4 e5 23. Nb3 Bb5 24. Rc2 Ba4 25. Rb1 b6 26. Rxa2 bxc5 27.
Nd2 c4 28. Rc1 Rfc8 29. Rc3 1-0

[Event "Illtal Gymnasium Illingen-St. Benno-Gymn"]
[Site "Verden/Aller"]
[Date "2011.05.14"]
[Round "2.3"]
[White "Grunwald, Martin"]
[Black "Herber, Patrick"]
[Result "1-0"]
[WhiteElo "1723"]
[BlackElo "1157"]
[PlyCount "55"]
[EventDate "2011.??.??"]
[WhiteTeam "St. Benno-Gymnasium Dresden"]
[BlackTeam "Illtal Gymnasium Illingen"]

1. e4 e5 2. Nf3 Nc6 3. Bb5 Bc5 4. O-O Nd4 5. Nxd4 exd4 6. d3 a6 7. Ba4 Ne7 8.
Bg5 h6 9. Bh4 O-O 10. Nd2 c6 11. f4 d5 12. Kh1 dxe4 13. Nxe4 Qa5 14. Bxe7 Bxe7
15. Bb3 Be6 16. Qf3 Bxb3 17. axb3 Qc7 18. f5 Bd6 19. f6 g6 20. Qh3 h5 21. Qh4
Rfe8 22. g4 Re5 23. Rg1 Kh7 24. Ng5+ Rxg5 25. Qxg5 Rh8 26. Rg2 Bf4 27. Qc5 Bg5
28. Qe7 1-0

[Event "Illtal Gymnasium Illingen-St. Benno-Gymn"]
[Site "Verden/Aller"]
[Date "2011.05.14"]
[Round "2.4"]
[White "Klesen, Jonas"]
[Black "Linnemann, Julius"]
[Result "0-1"]
[WhiteElo "1237"]
[BlackElo "1413"]
[PlyCount "50"]
[EventDate "2011.??.??"]
[WhiteTeam "Illtal Gymnasium Illingen"]
[BlackTeam "St. Benno-Gymnasium Dresden"]

1. e4 c5 2. Nc3 e6 3. Bc4 a6 4. a3 Nc6 5. Nf3 Qc7 6. d4 cxd4 7. Nxd4 Nf6 8.
Nxc6 bxc6 9. Ba2 Bb7 10. Qe2 Be7 11. e5 Nd5 12. Nxd5 cxd5 13. Bf4 Bxa3 14. bxa3
Qc3+ 15. Bd2 Qxa1+ 16. Qd1 Qxa2 17. Bb4 Qc4 18. f3 a5 19. Bd6 Rc8 20. Qb1 Ba6
21. Qd1 Qxc2 22. Qxc2 Rxc2 23. g3 Rc1+ 24. Kf2 Rxh1 25. h4 Rf1+ 0-1

[Event "Albert-Einstein-Gym Neubrandenb.-Georg-C"]
[Site "Verden/Aller"]
[Date "2011.05.14"]
[Round "2.1"]
[White "Gering, Samuel"]
[Black "Stövesand, Eric"]
[Result "1/2-1/2"]
[WhiteElo "1986"]
[BlackElo "1895"]
[PlyCount "75"]
[EventDate "2011.??.??"]
[WhiteTeam "Georg-Cantor-Gym. Halle"]
[BlackTeam "Albert-Einstein-Gym Neubrandenb."]

1. d4 d5 2. Nc3 Nf6 3. Bg5 Bf5 4. e3 Nbd7 5. Bd3 Bxd3 6. Qxd3 c6 7. Nf3 e6 8.
O-O Be7 9. e4 dxe4 10. Nxe4 O-O 11. Bxf6 Nxf6 12. Ng3 Qb6 13. c3 Rad8 14. Qc2
c5 15. dxc5 Bxc5 16. b4 Be7 17. a3 Qc7 18. c4 Rc8 19. Rac1 a5 20. Qb3 axb4 21.
axb4 Rfd8 22. Rfe1 Qd6 23. Rb1 Qf4 24. c5 Rd7 25. Ne2 Qf5 26. Nc3 Rcd8 27. Re5
Qf4 28. Ne2 Qg4 29. h3 Qg6 30. Rc1 Rd3 31. Qb1 Qh6 32. b5 Nd7 33. Rxe6 Qxe6 34.
Qxd3 Nxc5 35. Qe3 Qxe3 36. fxe3 Rd3 37. Nf4 Rb3 38. Nd5 1/2-1/2

[Event "Albert-Einstein-Gym Neubrandenb.-Georg-C"]
[Site "Verden/Aller"]
[Date "2011.05.14"]
[Round "2.2"]
[White "Baier, Christoph"]
[Black "Sieber, Martin"]
[Result "0-1"]
[WhiteElo "1832"]
[BlackElo "1775"]
[PlyCount "66"]
[EventDate "2011.??.??"]
[WhiteTeam "Albert-Einstein-Gym Neubrandenb."]
[BlackTeam "Georg-Cantor-Gym. Halle"]

1. d4 e6 2. c4 f5 3. Nc3 Nf6 4. g3 c6 5. Bg2 d5 6. Nf3 Bd6 7. O-O a6 8. a4 Nbd7
9. b3 O-O 10. Bf4 Bc7 11. Rc1 Ne4 12. cxd5 Nxc3 13. Bxc7 Qxc7 14. Rxc3 exd5 15.
Qc2 Qd6 16. Rb1 f4 17. b4 fxg3 18. hxg3 Nb6 19. Qb3 Nc4 20. b5 axb5 21. axb5
Ra3 22. Qc2 Bf5 23. Qc1 Rxc3 24. Qxc3 Bxb1 25. bxc6 bxc6 26. Ne5 Nxe5 27. dxe5
Qe6 28. f4 Rc8 29. Qc5 Bf5 30. Kh2 Qh6+ 31. Kg1 Qg6 32. Kf2 Qe6 33. Kg1 Kf7 0-1

[Event "Albert-Einstein-Gym Neubrandenb.-Georg-C"]
[Site "Verden/Aller"]
[Date "2011.05.14"]
[Round "2.3"]
[White "Feuerherdt, Martin"]
[Black "Stövesand, Peter"]
[Result "0-1"]
[WhiteElo "1606"]
[BlackElo "1756"]
[PlyCount "50"]
[EventDate "2011.??.??"]
[WhiteTeam "Georg-Cantor-Gym. Halle"]
[BlackTeam "Albert-Einstein-Gym Neubrandenb."]

1. e4 e5 2. Nf3 Nc6 3. Bc4 Bc5 4. c3 Nf6 5. d4 exd4 6. cxd4 Bb4+ 7. Bd2 Nxe4 8.
Bxf7+ Kxf7 9. Qb3+ d5 10. Bxb4 Re8 11. O-O Kg8 12. Nbd2 Bf5 13. Rfe1 Qd7 14.
Bc3 b6 15. Nxe4 Bxe4 16. Ne5 Nxe5 17. Rxe4 Nc4 18. Rxe8+ Rxe8 19. Qc2 Qe7 20.
b3 Nd6 21. g3 Qe2 22. Bd2 Ne4 23. Re1 Qxf2+ 24. Kh1 Nxg3+ 25. hxg3 Rxe1+ 0-1

[Event "Albert-Einstein-Gym Neubrandenb.-Georg-C"]
[Site "Verden/Aller"]
[Date "2011.05.14"]
[Round "2.4"]
[White "Lansky, Georg"]
[Black "Hoffmann, Dustin"]
[Result "1/2-1/2"]
[WhiteElo "1609"]
[BlackElo "1608"]
[PlyCount "82"]
[EventDate "2011.??.??"]
[WhiteTeam "Albert-Einstein-Gym Neubrandenb."]
[BlackTeam "Georg-Cantor-Gym. Halle"]

1. e4 c5 2. Nf3 Nc6 3. d4 cxd4 4. Nxd4 Nf6 5. Nc3 e5 6. Ndb5 d6 7. Bg5 a6 8.
Na3 b5 9. Nd5 Be7 10. Bxf6 Bxf6 11. c4 Qa5+ 12. Qd2 b4 13. Nc2 Rb8 14. b3 Qc5
15. Be2 Be7 16. O-O O-O 17. a3 a5 18. axb4 axb4 19. Ra4 Bb7 20. Ncxb4 Bd8 21.
Nxc6 Bxc6 22. b4 Qd4 23. Qxd4 exd4 24. b5 Bxd5 25. exd5 Bb6 26. Bg4 f5 27. Bf3
Ra8 28. Ra6 Rxa6 29. bxa6 Rc8 30. Be2 Ra8 31. Ra1 Kf7 32. g4 f4 33. g5 Kg6 34.
h4 Kf5 35. f3 d3+ 36. Kf1 dxe2+ 37. Kxe2 Ke5 38. Kd3 h6 39. gxh6 gxh6 40. Ra2
Kf5 41. h5 Kg5 1/2-1/2

[Event "Robert-Mayer-Gym. Heilbronn-Bismarckschu"]
[Site "Verden/Aller"]
[Date "2011.05.14"]
[Round "2.1"]
[White "Powierski, Emil"]
[Black "Wenninger, Philipp"]
[Result "1/2-1/2"]
[WhiteElo "1997"]
[BlackElo "2164"]
[PlyCount "59"]
[EventDate "2011.??.??"]
[WhiteTeam "Bismarckschule Elmshorn"]
[BlackTeam "Robert-Mayer-Gym. Heilbronn"]

1. e4 c6 2. d4 d5 3. e5 Bf5 4. Nd2 e6 5. Nb3 Nd7 6. Nf3 Ne7 7. Be2 Nc8 8. O-O
Be7 9. a4 O-O 10. a5 a6 11. c4 dxc4 12. Bxc4 Na7 13. Be3 Rc8 14. Qe2 Nb5 15.
Rfd1 Nc7 16. Ne1 Nd5 17. Nd3 Nb4 18. Nxb4 Bxb4 19. Bd2 Bxd2 20. Rxd2 Qe7 21.
Qe3 Rfd8 22. Rad1 Qb4 23. Qc3 Qe7 24. Qe3 Qb4 25. Qc3 Qe7 26. Be2 Be4 27. Nc5
Nxc5 28. Qxc5 Rd7 29. Qxe7 Rxe7 30. b4 1/2-1/2